000 00676nam a2200241 i 4500
001 C2-0224175
003 PPAK
005 20180728152804.0
008 000327s1986 xxua|||| ||||| | eng d
020 _a0140129383
040 _aPPAK
_beng
_cPPAK
_erda
082 0 4 _a823
_223
090 0 0 _a823
_bPEN
_dKSA
245 0 4 _aThe penguin book of international short stories
250 _aHalpern, Daniel
264 1 _aUnited States :
_bPenguin Books ,
_c1986
300 _axvi, 1068 pages :
_billustrations ;
_c20 cm
336 _2rdacontent
_atext
337 _2rdamedia
_aunmediated
338 _2rdacarrier
_avolume
650 1 0 _aShort stories, English
942 _ddc
_cB
999 _c145149
_d145149